000 00718nam a2200241 i 4500
003 DO-SdBNP
005 20250612092738.0
007 ta
008 250612b1954 dr ac||| |||| 00| 0 spa d
040 _aDO-SdBNP
_bspa
_cBNPHU
_erda
041 _aspa
082 4 _222
_axxx
_bxxx
245 0 0 _aNovena al San Juan María Vianney (Santo Cura de Ars )
246 _aCalendario de la Altagracia
264 1 _aSanto Domingo :
_beditor no identificado,
_c1954.
300 _apáginas :
_bilusraciones, retratos ;
_c22 cm.
336 _atexto
_btxt
_2rdacontent
337 _asin mediación
_bn
_2rdamedia
338 _avolumen
_bnc
_2rdacarrier
590 _aInventariado, 2025/BT
910 _aBtavárez
942 _2ddc
_cLBS1
999 _c59244
_d59244